Periodos Geológicos del Fanerozoico - Estadísticas

Estadísticas generales
  • Esta prueba ha sido intentada 9 veces
  • La puntuación promedio es 10 de 12
Estadísticas de respuestas
Eón Era Periodo % Correcto
Fanerozoico Paleozoico Carbonífero
100%
Fanerozoico Mesozoico Cretácico
100%
Fanerozoico Mesozoico Jurásico
100%
Fanerozoico Paleozoico Cámbrico
89%
Fanerozoico Paleozoico Ordovícico
89%
Fanerozoico Paleozoico Pérmico
89%
Fanerozoico Mesozoico Triásico
89%
Fanerozoico Paleozoico Devónico
78%
Fanerozoico Paleozoico Silúrico
78%
Fanerozoico Cenozoico Paleógeno
67%
Fanerozoico Cenozoico Cuaternario
56%
Fanerozoico Cenozoico Neógeno
56%
No se encontraron pruebas coincidentes
Distribución de puntuación
Porcentaje de gente con cada puntuación
Porcentaje por número respondido
Historial de tus puntuaciones
No has intentado esta prueba.